TV Shows Missing 'D' Words Quiz Stats

 Plays Quiz Updated Oct 2, 2019

Score 0/18 Timer 03:00
12 Plays Today
Hint Answer % Correct
Dead
97.9%
Dancing
97.2%
Duck
96.8%
Dyke
94.1%
Development
92.1%
Desperate
90.7%
Dawson's
90.5%
Downton
88.7%
Diff'rent
83.8%
Hint Answer % Correct
Dexter's
83.3%
Dome
82%
Dragon
76%
Danger
58.7%
Designated
58.3%
Darkwing
54.1%
Digimon
38.4%
Discovery
34%
Derren
21.2%

You're not logged in!

Compare scores with friends on all Sporcle quizzes.
OR
Log In

Sporcle TV

Today on Sporcle TV


Watch our educational content, quiz creation guides, and fun videos on Sporcle TV.

Show Comments

Extras

Top Quizzes Today


Score Distribution

Your Account Isn't Verified!

In order to create a playlist on Sporcle, you need to verify the email address you used during registration. Go to your Sporcle Settings to finish the process.

Report this User

Report this user for behavior that violates our Community Guidelines.

Details: